Climate change and human health : (Record no. 7471)

MARC details
000 -LEADER
fixed length control field 02249cam a22003977a 4500
001 - CONTROL NUMBER
control field 13735546
003 - CONTROL NUMBER IDENTIFIER
control field OSt
005 - DATE AND TIME OF LATEST TRANSACTION
control field 20211115095252.0
008 - FIXED-LENGTH DATA ELEMENTS--GENERAL INFORMATION
fixed length control field 031211s2003 sz a b i001 0 eng d
010 ## - LIBRARY OF CONGRESS CONTROL NUMBER
LC control number 2004456823
020 ## - INTERNATIONAL STANDARD BOOK NUMBER
International Standard Book Number 924156248X
035 ## - SYSTEM CONTROL NUMBER
System control number (OCoLC)ocm53886797
040 ## - CATALOGING SOURCE
Original cataloging agency EUW
Transcribing agency EUW
Modifying agency NTE
-- COU
-- OCLCQ
-- CUY
-- OCLCQ
-- DLC
042 ## - AUTHENTICATION CODE
Authentication code lccopycat
050 00 - LIBRARY OF CONGRESS CALL NUMBER
Classification number RA793
Item number .C582 2003
082 00 - DEWEY DECIMAL CLASSIFICATION NUMBER
Classification number 551.6CLI 2003
Edition number 22
090 ## - LOCALLY ASSIGNED LC-TYPE CALL NUMBER (OCLC); LOCAL CALL NUMBER (RLIN)
Classification number (OCLC) (R) ; Classification number, CALL (RLIN) (NR) 551.6CLI 2003
245 00 - TITLE STATEMENT
Title Climate change and human health :
Remainder of title risks and responses /
Statement of responsibility, etc. editors, A.J. McMichael ... [et al.].
260 ## - PUBLICATION, DISTRIBUTION, ETC. (IMPRINT)
Place of publication, distribution, etc. Geneva :
Name of publisher, distributor, etc. World Health Organization,
Date of publication, distribution, etc. 2003.
300 ## - PHYSICAL DESCRIPTION
Extent xi, 322 p. :
Other physical details ill. ;
Dimensions 26 cm.
504 ## - BIBLIOGRAPHY, ETC. NOTE
Bibliography, etc Includes bibliographical references and index.
505 0# - FORMATTED CONTENTS NOTE
Formatted contents note Ch. 1. Global climate change and health: an old story writ large -- Ch. 2. Weather and climate: changing human exposures -- Ch. 3. International consensus on the science of climate and health: the IPCC third assessment report -- Ch. 4. Looking to the future: challenges for scientists studying climate change and health -- Ch. 5. Impacts on health of climate extremes -- Ch. 6. Climate change and infectious diseases -- Ch. 7. How much disease could climate change cause? -- Ch. 8. Stratospheric ozone depletion, ultraviolet radiation and health -- Ch. 9. National assessments of health impacts of climate change: a review -- Ch. 10. Monitoring the health effects of climate change -- Ch. 11. Adaptation and adaptive capacity in the public health context -- Ch. 12. From science to policy: developing responses to climate change -- Ch. 13. Conclusions and recommendations for action.
650 #0 - SUBJECT ADDED ENTRY--TOPICAL TERM
Topical term or geographic name as entry element Climatic changes
General subdivision Health aspects.
9 (RLIN) 15300
650 #0 - SUBJECT ADDED ENTRY--TOPICAL TERM
Topical term or geographic name as entry element Medical climatology.
9 (RLIN) 15301
650 #2 - SUBJECT ADDED ENTRY--TOPICAL TERM
Topical term or geographic name as entry element Climate.
9 (RLIN) 15302
650 #2 - SUBJECT ADDED ENTRY--TOPICAL TERM
Topical term or geographic name as entry element Greenhouse Effect.
9 (RLIN) 15303
650 #2 - SUBJECT ADDED ENTRY--TOPICAL TERM
Topical term or geographic name as entry element Natural Disasters.
9 (RLIN) 15304
650 #2 - SUBJECT ADDED ENTRY--TOPICAL TERM
Topical term or geographic name as entry element Disease Transmission.
9 (RLIN) 15305
650 #2 - SUBJECT ADDED ENTRY--TOPICAL TERM
Topical term or geographic name as entry element Ultraviolet Rays.
9 (RLIN) 15306
650 #2 - SUBJECT ADDED ENTRY--TOPICAL TERM
Topical term or geographic name as entry element Risk Assessment.
9 (RLIN) 9891
700 1# - ADDED ENTRY--PERSONAL NAME
Personal name McMichael, A. J.
Fuller form of name (Anthony J.)
9 (RLIN) 15307
710 2# - ADDED ENTRY--CORPORATE NAME
Corporate name or jurisdiction name as entry element World Health Organization.
9 (RLIN) 1808
906 ## - LOCAL DATA ELEMENT F, LDF (RLIN)
a 7
b cbc
c copycat
d 3
e ncip
f 20
g y-gencatlg
942 ## - ADDED ENTRY ELEMENTS (KOHA)
Source of classification or shelving scheme Library of Congress Classification
Koha item type Open Shelf
Holdings
Withdrawn status Lost status Source of classification or shelving scheme Damaged status Not for loan Home library Current library Date acquired Source of acquisition Inventory number Total Checkouts Full call number Barcode Date last seen Price effective from Koha item type
    Library of Congress Classification     MUST Main Library MUST Main Library 15/11/2021 Purchase 06/27335   551.6CLI 2003 2021-1676 15/11/2021 15/11/2021 Open Shelf